Television Receivers /

Contenido: El espectro electromagnético; Propagación; Fuentes de frecuencia y referencias; Características de los receptores; El canal de radio; Amplificadores de energía; Conversión de señales análogas/digitales; Filtros digitales; Modulación digital; Procesamiento del receptor adaptativo; Principi...

Fuld beskrivelse

Guardado en:
Bibliografiske detaljer
Hovedforfatter: Whitaker, Jerry C. (ed.)
Format: Bog
Sprog:engelsk
Udgivet: Nueva York, EUA : McGraw-Hill, 2001, c2001
Serier:(McGraw-Hill Video/Audio Professional)
Fag:
Tags: Tilføj Tag
Ingen Tags, Vær først til at tagge denne postø!

MARC

LEADER 00000nam^a2200000^a^4500
001 000153953
005 20250521000000.0
009 20260310100336.867
020 |a 0-07-138042-6 
037 |a Acervo ITESO - Biblioteca 
041 |a ING 
082 |a 621. 388  |b WHI 
100 |a Whitaker, Jerry C.  |e (ed.) 
245 1 0 |a Television Receivers /  |c Ed. J.C. Whitaker. 
264 4 |a Nueva York, EUA :  |b McGraw-Hill,  |c 2001, c2001 
300 |a XXI, 585 p. 
336 |a texto  |b txt  |2 rdacontenido 
337 |a sin mediación  |b n  |2 rdamedio 
338 |a volumen  |b nc  |2 rdasoporte 
440 1 |a (McGraw-Hill Video/Audio Professional) 
520 |a Contenido: El espectro electromagnético; Propagación; Fuentes de frecuencia y referencias; Características de los receptores; El canal de radio; Amplificadores de energía; Conversión de señales análogas/digitales; Filtros digitales; Modulación digital; Procesamiento del receptor adaptativo; Principios de recepción televisiva; Sistemas de televisión por cable; Sistemas de antenas receptoras; Televisión interactiva; Sistemas de proyección; Proyección en pantalla plana; Medición del color; Medición de la calidad de la imagen; 
649 |a XX 
650 |a Antenas (Electrónica) 
650 |a Amplificadores (Electrónica) 
650 |a Electrónica -  |x Equipo y Aparatos 
650 |a Espectros Electromagnéticos 
650 |a Procesamiento de Señales 
650 |a Señales y Transmisión de Señales 
650 |a Imagen 
650 |a Televisión por Cable 
650 |a Televisión -  |x Equipo y Aparatos 
650 |a Televisión -  |x Aspectos Tecnológicos 
650 |a Internet 
650 |a Comunicación en Red 
650 |a Redes de Computadoras 
650 |a Redes de Comunicación 
650 |a Comunicación Visual 
650 |a Comunicaciones y Tránsito 
650 |a Telecomunicaciones 
650 |a Física 
650 |a Electrónica Digital 
650 |a Electrónica 
650 |a Ingeniería Computacional 
650 |a Ingeniería Electrónica 
910 |a Fondo General 
920 |a Impresos - Libros 
930 |a Colección General 
905 |a 101 
901 |a 0500086152  |b IT1  |c ACC  |u 20250521 
902 |a https://opac.biblio.iteso.mx/vufind/Record/000153953